| 000 | 01198cam a2200265 4500 | ||
|---|---|---|---|
| 001 | L159523 | ||
| 008 | 040913n2011 000 0 eng u | ||
| 020 | _a9781842197172 | ||
| 035 | _a(Sirsi) u159523 | ||
| 041 | _aeng | ||
| 110 | 2 |
_aRoyal Institution of Chartered Surveyors _94900 |
|
| 245 | 0 | 4 |
_aThe strategic role of property assets within property portfolios of SMEs _h[electronic resource] |
| 260 |
_aLondon _bRICS _c2011 |
||
| 490 | 0 | _aRICS Research | |
| 520 | _aLooks at how entrepreneurs strategically use property throughout the life-cycle of their ventures. Depending on which stage the venture is at, property may be used for business accommodation or a core part of a business, to generate income and accumlate profit, and/or as a long-term investment with a view toward retirement income. Uses New Zealand as a case-study. | ||
| 650 | 2 | 4 | _aBUSINESS |
| 650 | 2 | 4 | _aPROPERTY ASSETS |
| 650 | 2 | 4 | _aSMES |
| 651 | 4 | _aNew Zealand | |
| 690 |
_aCommercial property _96227 |
||
| 700 | 1 | _aLevy, Deborah | |
| 700 | 1 | _aMorrish, Sussie | |
| 856 | 4 | 8 |
_uwww.rics.org/Global/Downloads/SME_property_portfolio_031011_dwl_aj.pdf _zView the item free of charge from www.rics.org |
| 942 | _n0 | ||
| 999 |
_c115972 _d115972 |
||